Similar Country Names - Statistics

General Stats
  • This quiz has been taken 145 times
    135 since last reset
  • The average score is 12 of 15
Answer Stats
Country Similarly named country % Correct
Iran Iraq
100%
Niger Nigeria
100%
Austria Australia
99%
Slovakia Slovenia
98%
Republic of the Congo Democratic Republic of the Congo
97%
Dominican Republic Dominica
97%
Uruguay Paraguay
92%
Ireland Iceland
91%
Kyrgyzstan Kazakhstan
90%
Mauritius Mauritania
89%
Tonga Togo
68%
Mali Malawi
43%
Brunei Burundi
38%
Maldives Mali
32%
Samoa Somalia
31%
No matching quizzes found
Score Distribution
Percent of People with Each Score
Percentile by Number Answered
Your Score History
You have not taken this quiz since the last reset